00741nam a2200229 i 4500001001000000003000900010005001700019007000300036008004100039020001500080040003000095082000700125100003700132245011500169264003700284300004500321336002700366337003300393338002800426490002900454504002800483000044163DO-SdBNP20240515122326.0ta140603s2003 dr a 000 0 spa d a9993476986 aDO-SdBNPbspacBNPHUerda 42221 aCassá, Roberto, d1948-eautor10aFrancisco Alberto Caamaño Deñó :bel gigante de abril /cRoberto Cassá ; ilustraciones, Ramiro Manzano aSanto Domingo :bTOBOGAN,c2003. a107 páginas :bilustraciones ;c21 cm. 2rdacontentatextobtxt 2rdamediaasin mediaciónbn 2rdacarrieravolumenbnc aBiografías Dominicanas aBibliografía : p. 107